000 00852nam a2200253 i 4500
001 bg
100 1 _aTAŃSKA-HUS, Bożena
245 1 0 _aWybrane zagadnienia z prawa rolnego /
_cBożena Tańska-Hus.
250 _aWyd. 2 popr. i uzup
_awg stanu prawnego na dzień 1.10.1995.
260 _aWrocław :
_bWydaw. AR,
_c1996.
300 _a57 s. ;
_c24 cm.
490 1 _aSkrypty Akademii Rolniczej we Wrocławiu,
_x0239-5762 ;
_vnr 413
504 _aBibliogr. s. 56, ważniejsze przepisy prawne s. 54-55.
650 9 _aRolnictwo
_xprawo
_zPolska
_y1995 r.
655 _aPodręczniki akademickie
830 _aSkrypty Akademii Rolniczej we Wrocławiu,
_x0239-5762 ;
020 _a838558207X
040 _cBPK
041 0 _apl
080 _a349.42(438)(075.8)
920 _a83-85582-07-X
942 _cKS
008 s pl f |000 0 pol
999 _c25094
_d25094
856 _uhttp://koha.tu.koszalin.pl/cgi-bin/koha/opac-detail.pl?biblionumber=25094
_yKatalog online BPK